|
|
|
|
| LEADER |
00000nam a2200000 a 4500 |
| 001 |
vtls010608574 |
| 003 |
SK-MaSNL |
| 005 |
20260301034853.0 |
| 008 |
160429s1926 xr 000 0 cze |
| 015 |
|
|
|a SNBA1926
|
| 040 |
|
|
|a SNK
|b slo
|c SNK
|e AACR2
|
| 041 |
0 |
|
|a cze
|
| 044 |
|
|
|a xr
|c CZ
|
| 245 |
0 |
0 |
|a Výrobní podmínky, organizace a výsledky zemědělských závodů v Československu
|n Oddíl 2
|p Zpracování výsledků šetření zemědělských závodů
|
| 246 |
3 |
0 |
|a Zpracování výsledků šetření zemědělských závodů
|
| 260 |
|
|
|a Praha
|b [s.n.]
|c 1926
|
| 300 |
|
|
|a 79 s.
|c 4°
|
| 490 |
1 |
|
|a Publikace Zemědělského ústavu účetnicko-spravovědného Československé republiky ;
|v č. 2
|
| 830 |
|
0 |
|a Publikace Zemědělského ústavu účetnicko-spravovědného Československé republiky
|9 336490
|
| 999 |
|
|
|c 582749
|d 584679
|
| 952 |
|
|
|a SNK
|b SNK
|y PREZ
|7 0
|p 17A0970471
|o snkSB 26846/2
|i snkD 256/80
|8 1
|0 0
|1 0
|4 0
|d 2014-07-07
|f 1
|l 0
|r 2026-02-23 14:57:40
|w 2026-02-23
|